000 00338 a2200157 4500
001 56462
020 _a9788508106936
040 _cAnchieta - Pituba
100 _aAbramovich, Fanny
240 1 0 _aCruzando caminhos
_lpor
245 1 0 _aCruzando caminhos
300 _a88
362 0 _a2008
650 4 _aLiteratura juvenil
942 _cBK
999 _c56462
_d56462